01054 2200337 4500001002100000005001500021035002000036007000300056008004100059020002200100040002200122082001500144084001700159090002000176100004100196245011400237300003400351500003200385650000800417700002900425700003700454850001200491041001300503264004300516336002100559337003000580338002300610546004300633990002000676990002000696INLIS00000000087506120221101110841 a0010-1122000017ta221101s2022 jtia g ind d a978-623-97795-0-4 aYOPDYOGbinderda04223a394.15 a394.15 KAK b aPK 394.15 KAK b1 aKakuzo Okakurad1863-1913epengarang14aThe book of tea :bfilosofi teh /cKakuzo Okakura; penerjemah, Ahmad Asnawi; penyunting, Gafna Raizha Wahyudi a96 halaman :bgambar ;c19 cm aJudul asli: the book of tea 4aTeh0 aAhmad Asnawiepenerjemah0 aGafna Raizha Wahyudiepenyunting aYOPDYOG aindheng31aTemanggung :bShinyuu Publisher,c2022 2rdacontentateks 2rdamediaatanpa perantara 2rdacarrieravolume ateks diterjemahkan dari bahasa Inggris a70232-PD/A.2022 a70233-PD/A.2022